Ứng dụng GIS xây dựng bản đồ giá đất Khóa luận tốt nghiệp : Ngành Quản lý đất đai :Trình độ : Đại học

Wedi'i Gadw mewn:
Manylion Llyfryddiaeth
Prif Awdur: Mai, Hồng Gấm
Awduron Eraill: Phạm, Thế Hùng
Fformat: Luận văn Cit Llyfr
Iaith:Vietnamese
Cyhoeddwyd: Đồng Tháp Trường Đại học Đồng Tháp 2014
Pynciau:
GIS
Tagiau: Ychwanegu Tag
Dim Tagiau, Byddwch y cyntaf i dagio'r cofnod hwn!
Thư viện lưu trữ: Trung tâm Học liệu Lê Vũ Hùng, Trường Đại học Đồng Tháp
LEADER 01308ppm a22003618a 4500
001 00032531
005 20171026081025.0
008 140930s2014 ||||||viesd
041 0 # |a vie 
082 1 4 |a 910.285  |b Ư556D 
100 0 # |a Mai, Hồng Gấm 
245 1 0 |a Ứng dụng GIS xây dựng bản đồ giá đất  |b Khóa luận tốt nghiệp : Ngành Quản lý đất đai :Trình độ : Đại học  |c Mai Hồng Gấm; Phạm Thế Hùng (hướng dẫn) 
260 # # |a Đồng Tháp  |b Trường Đại học Đồng Tháp  |c 2014 
300 # # |e 1 bản tóm tắt  |a 63 tr. + phụ lục  |c 30 cm. 
500 # # |a ĐTTTS ghi: Bộ Giáo dục và Đào tạo. Trường Đại học Đồng Tháp. Khoa Tài nguyên và môi trường 
653 # # |a Bản đồ 
653 # # |a Đất đai 
653 # # |a Đo đạc 
653 # # |a Khóa luận 
653 # # |a GIS 
653 # # |a Công nghệ 
700 1 # |a Phạm, Thế Hùng  |e hướng dẫn 
852 # # |j KD.0016090 
852 # # |b Kho đọc  |j KD.0016090 
910 0 # |d 30/9/2014 
980 # # |a Trung tâm Học liệu Lê Vũ Hùng, Trường Đại học Đồng Tháp